000 01455cam a22004334i 4500
003 PE-LiUPU
005 20250731183347.0
008 140322s2008 gw 000 0 ger d
020 _a3938666315
020 _a9783938666319
029 1 _aDKDLA
_b830080-katalog:000283806
035 _a(Sirsi) i9783938666319
040 _aDKDLA
_bspa
_cDKDLA
_dPE-LiUPU
041 1 _ager
_hger
_aeng
049 _aPRUA
082 4 _a729.240944
_bF8
_220
100 _9290
_aDörries, Cornelia.
_eautor
245 0 0 _aFranzösische Interieurs :
_bFrench interiors /
_cCornelia Dörries.
264 _aBerlin :
_bDOM Publisher,
_c2008.
300 _a221 páginas :
_büberw. Ill., graph. Darst. ;
_c28 centímetros.
336 _2rdacontent
337 _2rdamedia
338 _2rdacarrier
500 _aInglés paralelo y texto alemán
505 2 _aArts and culture -- Offices and studios -- Shop and boutiques -- Entertainment.
526 _aP158
526 _aP146
526 _aP17
526 _aP12
526 _aP06
650 4 _adecoración
650 4 _ainteriores
651 4 _aFrancia
700 1 _aDörries, Cornelia,
_etraductor.
942 _2ddc
_cBOOK
949 _a729.240944 F8
_wDEWEY
_c1
_i73933
_lCCODEBUL1
_mBUL
_p15.79
_r0
_sY
_tBOOK
_u2016-06-22
_xINGENIERIA
_0COMPRA
_o.STAFF. Colección General
999 _c10167
_d10167
980 _81
_gALBERTO SANCHEZ Responsable de Automatización